000 00590nam a22001937a 4500
003 OSt
005 20251002053155.0
008 251002b |||||||| |||| 00| 0 eng d
020 _a0789401428
040 _aDWCL-Main lib
_cOC
082 _aCirc. 641.5918 W899c 1995
100 _aWoodward, Sarah
245 _aThe Classic Mediterranean Cookbook/
_cSarah Woodward
260 _bDarling Kindersley Publishing Inc,
_cc1995.
300 _a160 pages :
_b Color illustrations;
_c30cm.
504 _aIncludes Index
650 _a1. Cooking, Mediterranean
942 _2ddc
_cBK-CIRC
_kCirc.
_n0
999 _c4636
_d4636